[Event "Mittelfranken-chTB2b 1920"]
[Site "Mittelfranken"]
[Date "2020.03.08"]
[Round "7.8"]
[White "Dallmann, Wolfhart"]
[Black "Albert, Wolfgang"]
[Result "1-0"]
[WhiteElo "1679"]
[BlackElo "1634"]
[PlyCount "79"]
[EventDate "2019.10.13"]
[EventType "team-tourn"]
[EventRounds "9"]
[EventCountry "GER"]
[SourceTitle "EXT 2023"]
[Source "ChessBase"]
[SourceDate "2022.10.05"]
[SourceVersion "1"]
[SourceVersionDate "2022.10.05"]
[SourceQuality "1"]
[WhiteTeam "Stein SC"]
[BlackTeam "Nuernberg Anderssen"]
[WhiteTeamCountry "GER"]
[BlackTeamCountry "GER"]

1. d4 d5 2. c4 e6 3. Nf3 Nf6 4. Nc3 Nc6 5. Bg5 Be7 6. e3 0-0 7. Be2 dxc4 8. Bxc4 a6 9. a3 b5 10. Be2 Bb7 11. 0-0 Nd5 12. Bxe7 Ncxe7 13. Rc1 Rc8 14. Nd2 Nxc3 15. Rxc3 Ng6 16. Bf3 Bxf3 17. Nxf3 Qd6 18. Qc2 Rfd8 19. Rc6 Qd5 20. Rxc7 Qa8 21. Rc1 Ne7 22. Rxc8 Rxc8 23. Qd2 Rxc1+ 24. Qxc1 Qc6 25. Qc5 f6 26. b4 Kf7 27. Kf1 Qxc5 28. dxc5 Nd5 29. Ne1 Ke7 30. Ke2 Kd7 31. Kd3 Kc6 32. Nc2 e5 33. g3 g6 34. e4 Nc7 35. Ne3 h6 36. Ng4 h5 37. Nxf6 Ne6 38. Nd5 Kd7 39. f4 exf4 40. Nxf4 1-0